| 000 | 00559nam a22001697a 4500 | ||
|---|---|---|---|
| 008 | 170913b xxu||||| |||| 00| 0 eng d | ||
| 020 | _a0-87720-271-0 | ||
| 082 |
_21990 _aDC 510 _bK25i |
||
| 100 |
_922528 _aKeenan, Edward P. |
||
| 245 |
_aIntegrated mathematics : _bcourse II / _cEdward P. Keenan and Isidore Dressler |
||
| 260 |
_aNew York : _bAmsco School Publications, _cc1990. |
||
| 300 |
_axii, 708 pages: _billustrations; _c23 cm. |
||
| 500 | _aIncludes index. | ||
| 650 | 0 |
_922529 _aMathematics |
|
| 700 |
_922530 _aDressler, Isidore |
||
| 942 |
_2ddc _cDC |
||
| 999 |
_c7435 _d7435 |
||